00577nam a2200169Ia 4500008004100000020001800041041000800059082001800067100003900085245004000124250000600164260005100170300001400221650002600235999001900261952012700280210716s2011 xx 000 0 und d a9788120343757 aeng a658.1599 BEKG aBekaert, Geert; Hodrick, Robert J. aInternational financial management. a1 aNew DelhibPHI Learning private limited.c2011 axxvii,810 aInternational Finance c208200d208200 001040708MBAaAIMITbAIMITd2013-10-10g650.00l0o658.1599 BEKGpMBA10766r2026-05-23 00:00:00v487.50w2021-07-16yBK